Normal view
MARC view
- الأمانة العامة لإتحاد الجامعات العربية
Entry Personal Name
001 - CONTROL NUMBER
- control field: 52194
003 - CONTROL NUMBER IDENTIFIER
- control field: JO-AjAnu
005 - DATE AND TIME OF LATEST TRANSACTION
- control field: 20230606082600.0
008 - FIXED-LENGTH DATA ELEMENTS
- fixed length control field: 230606|| aca||aabn | a|a d
040 ## - CATALOGING SOURCE
- Original cataloging agency: JO-AjAnu
- Transcribing agency: JO-AjAnu
100 ## - HEADING--PERSONAL NAME
- Personal name: الأمانة العامة لإتحاد الجامعات العربية
670 ## - SOURCE DATA FOUND
- Source citation: Work cat.: (JO-AjAnu)26674: الأمانة العامة لإتحاد الجامعات العربية, author, ورشة العمل الخاصة بالتقويم الذاتي والخارجي للجامعات العربية أعضاء الإتحاد: تنظمها الأمانة العامة لإتحاد الجامعات العربية للفترة بين 4-6 ديسمبر/كانون الأول 2004 ، عمان - المملكة الأردنية الهاشمية ؛ جامعة فيلادلفيا الأهلية - الأردن ؛ معلومات وإحصاءات